NFL Top 5 Draft Picks (2000-Present) - Statistics

General Stats
  • This quiz has been taken 193 times
  • The average score is 84 of 125
Answer Stats
Draft Pick Number Team Drafted Position Player % Correct
2005 5 Tampa Bay Buccaneers RB Cadillac Williams
97%
2024 1 Chicago Bears QB Caleb Williams
97%
2006 1 Houston Texans DE Mario Williams
97%
2002 4 Buffalo Bills OT Mike Williams
97%
2019 3 New York Jets DT Quinnen Williams
97%
2010 4 Washington Redskins OT Trent Williams
97%
2023 4 Indianapolis Colts QB Anthony Richardson
96%
2023 1 Carolina Panthers QB Bryce Young
96%
2020 2 Washington Football Team DE Chase Young
96%
2012 3 Cleveland Browns RB Trent Richardson
96%
2006 3 Tennessee Titans QB Vince Young
96%
2020 1 Cincinnati Bengals QB Joe Burrow
95%
2024 3 New England Patriots QB Drake Maye
94%
2021 5 Cincinnati Bengals WR Ja'Marr Chase
94%
2024 2 Washington Commanders QB Jayden Daniels
94%
2016 3 San Diego Chargers DE Joey Bosa
94%
2024 4 Arizona Cardinals WR Marvin Harrison Jr.
94%
2019 2 San Francisco 49ers DE Nick Bosa
94%
2021 1 Jacksonville Jaguars QB Trevor Lawrence
94%
2021 2 New York Jets QB Zach Wilson
94%
2023 2 Houston Texans QB C.J. Stroud
93%
2022 2 Detroit Lions DE Aidan Hutchinson
92%
2018 1 Cleveland Browns QB Baker Mayfield
92%
2016 1 Los Angeles Rams QB Jared Goff
92%
2019 1 Arizona Cardinals QB Kyler Murray
92%
2017 1 Cleveland Browns DE Myles Garrett
92%
2018 2 New York Giants RB Saquon Barkley
92%
2020 5 Miami Dolphins QB Tua Tagovailoa
92%
2016 4 Dallas Cowboys RB Ezekiel Elliott
91%
2021 4 Atlanta Falcons TE Kyle Pitts
90%
2022 4 New York Jets CB Sauce Gardner
90%
2021 3 San Francisco 49ers QB Trey Lance
90%
2009 1 Detroit Lions QB Matthew Stafford
89%
2016 2 Philadelphia Eagles QB Carson Wentz
88%
2017 2 Chicago Bears QB Mitchell Trubisky
88%
2003 3 Houston Texans WR Andre Johnson
87%
2007 2 Detroit Lions WR Calvin Johnson
87%
2013 4 Philadelphia Eagles OT Lane Johnson
87%
2020 4 New York Giants OT Andrew Thomas
86%
2015 1 Tampa Bay Buccaneers QB Jameis Winston
86%
2007 3 Cleveland Browns OT Joe Thomas
86%
2018 3 New York Jets QB Sam Darnold
86%
2017 3 San Francisco 49ers DE Solomon Thomas
86%
2022 1 Jacksonville Jaguars DE Travon Walker
85%
2023 3 Houston Texans LB Will Anderson Jr.
85%
2012 1 Indianapolis Colts QB Andrew Luck
84%
2011 1 Carolina Panthers QB Cam Newton
83%
2024 5 Los Angeles Chargers OT Joe Alt
83%
2015 2 Tennessee Titans QB Marcus Mariota
83%
2008 3 Atlanta Falcons QB Matt Ryan
83%
2004 1 San Diego Chargers* QB Eli Manning
81%
2016 5 Jacksonville Jaguars CB Jalen Ramsey
81%
2012 2 Washington Redskins QB Robert Griffin III
81%
2005 1 San Francisco 49ers QB Alex Smith
79%
2014 3 Jacksonville Jaguars QB Blake Bortles
79%
2018 4 Cleveland Browns CB Denzel Ward
79%
2009 2 St. Louis Rams OT Jason Smith
79%
2001 4 Cincinnati Bengals DE Justin Smith
79%
2004 4 New York Giants* QB Philip Rivers
79%
2011 2 Denver Broncos LB Von Miller
78%
2011 4 Cincinnati Bengals WR A.J. Green
77%
2014 1 Houston Texans DE Jadeveon Clowney
77%
2017 4 Jacksonville Jaguars RB Leonard Fournette
76%
2022 3 Houston Texans CB Derek Stingley Jr,
75%
2010 1 St. Louis Rams QB Sam Bradford
74%
2023 5 Seattle Seahawks CB Devon Witherspoon
72%
2013 1 Kansas City Chiefs OT Eric Fisher
72%
2007 1 Oakland Raiders QB JaMarcus Russell
72%
2001 1 Atlanta Falcons QB Michael Vick
72%
2019 5 Tampa Bay Buccaneers ILB Devin White
71%
2002 1 Houston Texans QB David Carr
70%
2020 3 Detroit Lions CB Jeff Okudah
70%
2004 3 Arizona Cardinals WR Larry Fitzgerald
70%
2001 5 San Diego Chargers RB LaDainian Tomlinson
69%
2009 5 New York Jets QB Mark Sanchez
69%
2003 1 Cincinnati Bengals QB Carson Palmer
67%
2015 4 Oakland Raiders WR Amari Cooper
66%
2018 5 Denver Broncos LB Bradley Chubb
66%
2004 5 Washington Redskins S Sean Taylor
66%
2017 5 Tennessee Titans WR Corey Davis
65%
2001 2 Arizona Cardinals OG Leonard Davis
65%
2010 2 Detroit Lions DT Ndamukong Suh
65%
2011 5 Arizona Cardinals CB Patrick Peterson
65%
2022 5 New York Giants DE Kayvon Thibodeaux
64%
2000 1 Cleveland Browns DE Courtney Brown
63%
2007 5 Arizona Cardinals OT Levi Brown
63%
2005 2 Miami Dolphins RB Ronnie Brown
63%
2010 5 Kansas City Chiefs S Eric Berry
60%
2014 5 Oakland Raiders LB Khalil Mack
60%
2006 2 New Orleans Saints RB Reggie Bush
59%
2000 5 Baltimore Ravens RB Jamal Lewis
53%
2014 4 Buffalo Bills WR Sammy Watkins
52%
2019 4 Oakland Raiders DE Clelin Ferrell
50%
2008 2 St. Louis Rams DE Chris Long
49%
2008 1 Miami Dolphins OT Jake Long
49%
2002 2 Carolina Panthers DE Julius Peppers
47%
2014 2 St. Louis Rams OT Greg Robinson
45%
2012 5 Jacksonville Jaguars WR Justin Blackmon
42%
2008 4 Oakland Raiders RB Darren McFadden
39%
2010 3 Tampa Bay Buccaneers DT Gerald McCoy
38%
2015 5 Washington Redskins OT Brandon Scherff
34%
2013 5 Detroit Lions DE Ezekiel Ansah
34%
2013 2 Jacksonville Jaguars OT Luke Joeckel
34%
2002 3 Detroit Lions QB Joey Harrington
32%
2009 3 Kansas City Chiefs DE Tyson Jackson
31%
2015 3 Jacksonville Jaguars DE Dante Fowler
30%
2006 5 Green Bay Packers LB A.J. Hawk
28%
2005 3 Cleveland Browns WR Braylon Edwards
28%
2003 2 Detroit Lions WR Charles Rogers
28%
2006 4 New York Jets OT D'Brickashaw Ferguson
27%
2005 4 Chicago Bears RB Cedric Benson
25%
2013 3 Miami Dolphins DE Dion Jordan
24%
2011 3 Buffalo Bills DT Marcell Dareus
24%
2007 4 Tampa Bay Buccaneers DE Gaines Adams
19%
2000 2 Washington Redskins LB LaVar Arrington
19%
2012 4 Minnesota Vikings OT Matt Kalil
17%
2004 2 Oakland Raiders OT Robert Gallery
16%
2009 4 Seattle Seahawks LB Aaron Curry
14%
2000 3 Washington Redskins OT Chris Samuels
10%
2008 5 Kansas City Chiefs DT Glenn Dorsey
10%
2000 4 Cincinnati Bengals WR Peter Warrick
10%
2002 5 San Diego Chargers CB Quentin Jammer
9%
2003 4 New York Jets DT Dewayne Robertson
8%
2003 5 Dallas Cowboys CB Terence Newman
8%
2001 3 Cleveland Browns DT Gerard Warren
7%
No matching quizzes found
Score Distribution
Percent of People with Each Score
Percentile by Number Answered
Your Score History
You have not taken this quiz